Droga impacto sobre la seguridad: pros y contras de la legalización /
Сохранить в:
| Главный автор: | |
|---|---|
| Формат: | Текст |
| Предметы: | |
| Метки: |
Добавить метку
Нет меток, Требуется 1-ая метка записи!
|
MARC
| LEADER | 00000 a a2200000 04500 | ||
|---|---|---|---|
| 001 | 5006 | ||
| 003 | |||
| 040 | |||
| 100 | |a Arroyo Jiménez, Viviana | ||
| 245 | |a Droga impacto sobre la seguridad: |b pros y contras de la legalización / |c Viviana Arroyo Jiménez | ||
| 650 | |a DROGAS DE USO INDEBIDO | ||
| 650 | |a LEGISLACION | ||
| 650 | |a SEGURIDAD SOCIAL | ||
| 650 | |a SALUD | ||
| 650 | |a JUVENTUD | ||
| 773 | |g número 41; páginas 1-8 | ||
| 999 | |c 37773 |d 37773 | ||
